All F1 race winners - Statistics

General Stats
  • This quiz has been taken 9 times
  • The average score is 83 of 116
Answer Stats
Wins Country Years Active Answer % Correct
51 France 1980-19911993 Alain Prost
100%
12 Australia 1975-19811983 1985-1986 Alan Jones
100%
13 Italy 1950-1955 Alberto Ascari
100%
41 Brazil 1984-1994 Ayrton Senna
100%
8 Monaco 2018- Charles Leclerc
100%
22 United Kingdom 1992-1999 Damon Hill
100%
8 Australia 2011-2024 Daniel Ricciardo
100%
8 New Zealand 1965-1974 Denny Hulme
100%
14 Brazil 1970-1980 Emerson Fittipaldi
100%
11 Brazil 20022004-2017 Felipe Massa
100%
32 Spain 20012003-2018 2021- Fernando Alonso
100%
6 United Kingdom 2019- George Russell
100%
6 Canada 1977-1982 Gilles Villeneuve
100%
14 United Kingdom 1958-1975 Graham Hill
100%
14 Australia 1955-1970 Jack Brabham
100%
27 United Kingdom 1965-1973 Jackie Stewart
100%
11 Canada 1996-2006 Jacques Villeneuve
100%
15 United Kingdom 2000-2017 Jenson Button
100%
25 United Kingdom 1960-1968 Jim Clark
100%
1 Germany 1973-1982 Jochen Mass
100%
6 Austria 1964-1970 Jochen Rindt
100%
10 South Africa 1972-1980 Jody Scheckter
100%
24 Argentina 1950-19511953-1958 Juan Manuel Fangio
100%
5 Finland 1978-1986 Keke Rosberg
100%
21 Finland 2001-20092012-2021 Kimi Räikkönen
100%
11 United Kingdom 2019- Lando Norris
100%
105 United Kingdom 2007- Lewis Hamilton
100%
12 United States 1968-19721974-1982 Mario Andretti
100%
9 Australia 2002-2013 Mark Webber
100%
71 Netherlands 2015- Max Verstappen
100%
91 Germany 1991-20062010-2012 Michael Schumacher
100%
20 Finland 1991-2001 Mika Häkkinen
100%
23 Brazil 1978-1991 Nelson Piquet
100%
23 Germany 2006-2016 Nico Rosberg
100%
31 United Kingdom 1980-19921994-1995 Nigel Mansell
100%
25 Austria 1971-19791982-1985 Niki Lauda
100%
9 Australia 2023- Oscar Piastri
100%
1 Venezuela 2011-2015 Pastor Maldonado
100%
3 United States 1958-19641966 Phil Hill
100%
6 Germany 1997-2007 Ralf Schumacher
100%
53 Germany 2007-2022 Sebastian Vettel
100%
16 United Kingdom 1951-1961 Stirling Moss
100%
10 Finland 2013-20242026- Valtteri Bottas
100%
4 New Zealand 1958-1970 Bruce McLaren
86%
4 Spain 2015- Carlos Sainz
86%
1 France 2016-20182020- Esteban Ocon
86%
10 Austria 1984-1997 Gerhard Berger
86%
3 Italy 1996-2009 Giancarlo Fisichella
86%
5 Italy 1950-1955 Giuseppe Farina
86%
1 Finland 2007-2013 Heikki Kovalainen
86%
3 Germany 1994-2003 Heinz-Harald Frentzen
86%
8 Belgium 1967-1979 Jacky Ickx
86%
10 United Kingdom 1973-1979 James Hunt
86%
7 Colombia 2001-2006 Juan Pablo Montoya
86%
4 Italy 2025- Kimi Antonelli
86%
3 United Kingdom 1952-1958 Mike Hawthorn
86%
2 Mexico 1963-1971 Pedro Rodríguez
86%
1 France 2017- Pierre Gasly
86%
1 Poland 2006-20102019 2021 Robert Kubica
86%
10 Sweden 1970-1978 Ronnie Peterson
86%
11 Brazil 1993-2011 Rubens Barrichello
86%
6 Mexico 2011-20242026- Sergio Pérez
86%
12 Argentina 1972-1982 Carlos Reutemann
71%
13 United Kingdom 1994-2008 David Coulthard
71%
6 France 1974-1986 Jacques Laffite
71%
1 France 1989-2001 Jean Alesi
71%
3 United Kingdom 1989-2000 Johnny Herbert
71%
6 United Kingdom 1960-1972 John Surtees
71%
5 United Kingdom 1973-19831985 John Watson
71%
2 Germany 1956-1961 Wolfgang von Trips
71%
5 Switzerland 1970-1980 Clay Regazzoni
57%
4 United Kingdom 1993-2002 Eddie Irvine
57%
1 Italy 1997-2011 Jarno Trulli
57%
2 France 1974-19751977-1981 Jean-Pierre Jabouille
57%
1 Brazil 1972-1977 José Carlos Pace
57%
2 Argentina 1950-19571960 José Froilán González
57%
5 Italy 1981-1994 Michele Alboreto
57%
1 France 1994-19992001-2004 Oliver Panis
57%
3 United Kingdom 1952-1958 Peter Collins
57%
7 France 1978-1989 René Arnoux
57%
6 Italy 1977-1993 Riccardo Patrese
57%
3 Belgium 1983-1993 Thierry Boutsen
57%
1 Italy 1986-1990 Alessandro Nannini
43%
2 United States 1951-1955 Bill Vukovich
43%
4 United States 1959-19681970 Dan Gurney
43%
3 France 1978-1982 Didier Pironi
43%
2 Italy 1979-1986 Elio de Angelis
43%
1 France 1970-1973 François Cevert
43%
1 Sweden 1976-1977 Gunnar Nilsson
43%
1 United States 1950-1951 Lee Wallard
43%
1 Italy 1961-1967 Lorenzo Bandini
43%
1 Italy 1963-1968 Ludovico Scarfiotti
43%
2 United States 19641971-1974 Peter Revson
43%
6 United Kingdom 1956-1961 Tony Brooks
43%
1 United States 1952-1956 Bob Sweikert
29%
1 Italy 1961-1967 Giancarlo Baghetti
29%
1 United Kingdom 1959-1966 Innes Ireland
29%
1 France 1967-1974 Jean-Pierre Beltoise
29%
1 Sweden 1956-1971 Jo Bonnier
29%
1 United States 1950-1958 Johnnie Parsons
29%
2 Switzerland 1962-1971 Jo Siffert
29%
1 Italy 1950-1951 Luigi Fagioli
29%
2 France 1950-1964 Maurice Trintignant
29%
2 France 19721974-1980 Patrick Depailler
29%
2 France 1977-1986 Patrick Tambay
29%
1 Italy 1950-1956 Piero Taruffi
29%
1 United States 1960-1967 Richie Ginther
29%
1 United States 1951-19601963 Rodger Ward
29%
1 United States 1950-1957 Sam Hanks
29%
1 United States 1950-19521954 1956-1958 1960 Troy Ruttman
29%
1 Italy 1974-1980 Vittorio Brambilla
29%
1 United States 1952-1960 Jimmy Bryan
14%
1 United States 19501952-1960 Jim Rathmann
14%
1 Italy 1954-1958 Luigi Musso
14%
1 United States 1950-1959 Pat Flaherty
14%
1 United Kingdom 1970-1974 Peter Gethin
14%
No matching quizzes found
Score Distribution
Percent of People with Each Score
Percentile by Number Answered
Your Score History
You have not taken this quiz